000 00894cam a22002771 4500
001 8405940
003 Ke-BoTe
005 20220614154125.0
008 720801s1956 pau 000 0 eng
010 _a 57009567
020 _a0715200828
035 _a(OCoLC)371153
040 _aDLC
_cOCedC
_dOCoLC
_dDLC
042 _apremarc
050 0 0 _aBS2595
_b.B35 1956
130 0 _aBible.
_pLuke.
_lEnglish.
_sBarcley.
_f1956.
_98415
245 0 4 _aThe Gospel of Luke;
_ctranslated with an introduction and interpretation by William Barclay.
250 _a[2d ed.]
260 _aPhiladelphia,
_bWestminster Press
_c[1956]
300 _axviii,314 p.
_c18 cm.
440 4 _aThe Daily study Bible series
_9802
630 0 0 _aBible.
_pLuke
_xCommentaries.
_9472
700 1 _aBarclay, William,
_d1907-1978
_eed. and tr.
_9777
906 _a7
_bcbc
_coclcrpl
_du
_encip
_f19
_gy-gencatlg
942 _2lcc
_cBK
_n0
999 _c4041
_d4041